000 00524nam a22001697a 4500
003 MACL
005 20160526155112.0
008 160526b xxu||||| |||| 00| 0 eng d
040 _cMACL
041 _aHindi
082 _a891.432
100 _aटैगोर, रवीन्‍द्रनाथ
_959875
245 _aनन्दिनी
_cरवीन्‍द्रनाथ टैगोर
260 _aमथुरा
_bरमन बुक सेंटर
_c2007
650 _aDrama
_959876
942 _2ddc
_cHIN
999 _c54111
_d54111